[Event "Daehne Cup Region Hannover VII"]
[White "Borch, Roland"]
[Black "Zadneprovskaja, Ninel"]
[Site "Hannover"]
[Round "1"]
[Result "1-0"]
[Date "2014.06.26"]
[WhiteElo "1525"]
[BlackElo "1372"]
[PlyCount "69"]
[EventDate "2014.06.26"]
[EventType "k.o."]
[EventCountry "GER"]
[SourceTitle "EXT 2022"]
[Source "ChessBase"]
[SourceDate "2021.10.06"]
[SourceVersion "1"]
[SourceVersionDate "2021.10.06"]
[SourceQuality "1"]

1. Nf3 d5 2. b3 Bg4 3. Ne5 Nf6 4. h3 Bd7 5. Bb2 e6 6. e3 Bd6 7. f4 c5 8. d3 Nc6 9. Nd2 0-0 10. Ndf3 Bxe5 11. Nxe5 d4 12. exd4 cxd4 13. Qd2 Qc7 14. Nxc6 Bxc6 15. Bxd4 Nd5 16. Be5 Qe7 17. Be2 f6 18. Bb2 Qd6 19. 0-0 Qc5+ 20. d4 Qd6 21. c4 Ne7 22. Rfd1 Rad8 23. Qa5 Qb8 24. Ba3 Rfe8 25. Qh5 Nf5 26. Bd3 g6 27. Qg4 Ne3 28. Qg3 Nf5 29. Bxf5 exf5 30. d5 Bd7 31. Qc3 Kf7 32. Bb2 Qd6 33. c5 Qa6 34. c6 Qb6+ 35. Kh1 1-0

[Event "Hannover Region-ch"]
[White "Almeev, Timur"]
[Black "Zadneprovskaja, Ninel"]
[Site "Hannover"]
[Round "6"]
[Result "1-0"]
[Date "2008.04.05"]
[WhiteElo "954"]
[BlackElo "1404"]
[PlyCount "65"]
[EventDate "2008.01.12"]
[EventType "swiss"]
[EventRounds "7"]
[EventCountry "GER"]
[SourceTitle "EXT 2021"]
[Source "ChessBase"]
[SourceDate "2020.10.23"]
[SourceVersion "1"]
[SourceVersionDate "2020.10.23"]
[SourceQuality "1"]

1. e4 c6 2. Nc3 d5 3. Nf3 d4 4. Ne2 c5 5. Ng3 Nc6 6. Bb5 Bd7 7. 0-0 Nf6 8. c3 a6 9. Ba4 d3 10. c4 e6 11. Re1 h6 12. e5 Nh7 13. Ne4 Rb8 14. Bxc6 Bxc6 15. Qb3 b5 16. cxb5 axb5 17. Qc3 b4 18. Qc4 Bb5 19. Qb3 c4 20. Qd1 Be7 21. b3 Qd7 22. a4 Ba6 23. Bb2 0-0 24. a5 Rbc8 25. Bd4 Ng5 26. Nexg5 hxg5 27. Be3 f6 28. exf6 gxf6 29. Bd4 g4 30. Re4 f5 31. Ne5 Qd5 32. Rxg4+ fxg4 33. Qxg4+ 1-0

[Event "Hannover Region-ch"]
[White "Zadneprovskaja, Ninel"]
[Black "Baum, Frank Christian"]
[Site "Hannover"]
[Round "4"]
[Result "0-1"]
[Date "2008.02.13"]
[WhiteElo "1404"]
[BlackElo "1605"]
[PlyCount "86"]
[EventDate "2008.01.12"]
[EventType "swiss"]
[EventRounds "7"]
[EventCountry "GER"]
[SourceTitle "EXT 2021"]
[Source "ChessBase"]
[SourceDate "2020.10.23"]
[SourceVersion "1"]
[SourceVersionDate "2020.10.23"]
[SourceQuality "1"]

1. b4 e5 2. Bb2 e4 3. b5 d5 4. e3 Nf6 5. Ne2 c5 6. c4 Bg4 7. h3 Bh5 8. Qc2 Bxe2 9. Bxe2 d4 10. Qb3 Be7 11. Na3 0-0 12. 0-0 d3 13. Bd1 Nfd7 14. f3 f5 15. fxe4 fxe4 16. Bg4 Bf6 17. Be6+ Kh8 18. Bd5 Bxb2 19. Qxb2 Nf6 20. Bxb7 Nbd7 21. Bxa8 Qxa8 22. Rf2 Qe8 23. Raf1 Kg8 24. Nb1 Nb6 25. Qb3 Qe6 26. Rf5 Rc8 27. Na3 Nfd7 28. Rg5 Ne5 29. Qc3 Nbd7 30. Rf4 Ng6 31. h4 Nf6 32. Rf1 Rf8 33. h5 Nh4 34. Rf4 h6 35. Rxc5 Nf3+ 36. Kh1 Ng5 37. Rcf5 Qe8 38. g4 Nf3 39. Rxf6 gxf6 40. Rxf6 Kh7 41. Nb1 Qb8 42. Rxf3 Rxf3 43. Qd4 Rh3+ 0-1

[Event "Hannover Region-ch"]
[White "Zadneprovskaja, Ninel"]
[Black "Heiseke, Gerhard"]
[Site "Hannover"]
[Round "6"]
[Result "0-1"]
[Date "2007.03.24"]
[WhiteElo "1445"]
[BlackElo "1392"]
[PlyCount "75"]
[EventDate "2007.01.13"]
[EventType "swiss"]
[EventRounds "7"]
[EventCountry "GER"]
[SourceTitle "EXT 2021"]
[Source "ChessBase"]
[SourceDate "2020.10.23"]
[SourceVersion "1"]
[SourceVersionDate "2020.10.23"]
[SourceQuality "1"]

1. b4 d5 2. Bb2 e6 3. b5 Nf6 4. Nf3 Bc5 5. e3 0-0 6. Be2 b6 7. d4 Bd6 8. 0-0 Nbd7 9. c4 Bb7 10. Nc3 Ng4 11. h3 Nh6 12. cxd5 exd5 13. a4 Nf6 14. Ne5 Re8 15. Na2 Ne4 16. Bd3 f5 17. Qh5 Bxe5 18. dxe5 Bc8 19. Nb4 Re6 20. Nc6 Qd7 21. Rfd1 Rg6 22. Ba3 Nc5 23. f4 Qf7 24. Qf3 Bb7 25. Bxc5 Bxc6 26. Bb4 Bb7 27. Rac1 Rc8 28. Bb1 c5 29. bxc6 Bxc6 30. Qe2 Qe6 31. Ba2 Nf7 32. a5 Qd7 33. axb6 axb6 34. Rd4 Rd8 35. Bb1 Bb5 36. Qh5 Nh6 37. Ba2 Qf7 38. Qe2 0-1